000 00307nam a2200133 i 4500
001 bg
100 1 _aWITORT, Aleksander
245 0 _aZestawy głośnikowe /
_cAleksander Witort.
260 _aWarszawa,
_c1986.
040 _cBPK
041 _apol
942 _cKS
008 s pl f |000 0 pol
999 _c2968
_d2968
856 _uhttp://koha.tu.koszalin.pl/cgi-bin/koha/opac-detail.pl?biblionumber=2968
_yKatalog online BPK